LEADER 00595nab a2200145 i 4500 001 000000306100 003 CaOOAMICUS 005 20180831172850.0 008 180831n it uu u0 0ita r 013 $a14461 040 $aSeMil$bita 100 1 $aBiondi, Ciro .$0(OLS)http://semarc/name/87355 245 10$aEsiste ancora l'opzione per poveri?. - In :$bServizio PUM, Pontificia Unione Missionaria. 773 0 $tMyanmar, la congiura del silenzio.$gp.I-VII$w()269514 996 $6245$aEsiste ancora l'opzione per poveri?. - In :$bServizio PUM, Pontificia Unione Missionaria.$9(OLS)http://semarc/title/381542 LEADER 00916nas a2200193 4500 001 000000332583 003 CaOOAMICUS 005 20211123134656.0 008 190214c19999999it uu 0 0ita r 040 $aSeMil$bita 245 00$aCollectio Oliviana$h[generale di collana]. 264 1$aGrottaferrata (Roma) :$bEditiones Collegii S. Bonaventurae ad Claras Aquas,$c1999- 300 $a v. ;$c24 cm 830 0$aCollectio Oliviana.$0(OLS)http://semarc/title/421543 850 $aSeMil 852 $aSeMil$W1$xVenegono$y1$mVedi "Titolo uniforme di collana" per le collocazioni dei singoli volumi$j222888$qSottoscrizione aperta$B239692$CSeMilBibl$Z2$F239692 $81 996 $6245$aCollectio Oliviana$h[generale di collana]$9(OLS)http://semarc/title/438013 996 $6264$aGrottaferrata (Roma) :$bEditiones Collegii S. Bonaventurae ad Claras Aquas$9(OLS)http://semarc/publisher/42632